Countries of the World - 5 minute sprint - Statistics

General Stats
  • This quiz has been taken 94 times
  • The average score is 132 of 196
Answers on the Map
Answers color-coded by a green-red scale on the quiz's map according to % correct below.
 
Answer Stats
% Correct
Russia
96%
Spain
96%
United Kingdom
96%
Italy
95%
Sweden
95%
China
93%
Norway
93%
Portugal
93%
Finland
91%
France
91%
India
91%
Ireland
91%
United States
91%
Brazil
89%
Canada
89%
Denmark
89%
Germany
89%
Iceland
89%
Iraq
88%
Ukraine
88%
Chile
86%
Iran
86%
Japan
86%
Latvia
86%
Poland
86%
Egypt
84%
Greece
84%
Mexico
84%
Turkey
84%
Algeria
82%
Argentina
82%
Belarus
82%
Estonia
82%
Peru
82%
United Arab Emirates
82%
Ecuador
80%
Libya
80%
Lithuania
80%
Mali
80%
Oman
80%
Panama
80%
Austria
79%
Colombia
79%
Cuba
79%
Mongolia
79%
Morocco
79%
Pakistan
79%
Yemen
79%
Niger
77%
Romania
77%
Saudi Arabia
77%
Armenia
75%
Serbia
75%
Belize
73%
Bolivia
73%
Bulgaria
73%
Cambodia
73%
Chad
73%
Democratic Republic of the Congo
73%
Malaysia
73%
South Korea
73%
Sudan
73%
Uruguay
73%
Albania
71%
Australia
71%
Belgium
71%
Croatia
71%
Czech Republic
71%
Dominican Republic
71%
Guatemala
71%
Haiti
71%
Indonesia
71%
Israel
71%
Jordan
71%
Kazakhstan
71%
Netherlands
71%
North Korea
71%
Paraguay
71%
Slovakia
71%
Slovenia
71%
Switzerland
71%
Syria
71%
Tunisia
71%
Venezuela
71%
Afghanistan
70%
Andorra
70%
Costa Rica
70%
Cyprus
70%
Jamaica
70%
Malta
70%
Nicaragua
70%
Nigeria
70%
Qatar
70%
Vietnam
70%
Bahamas
68%
Honduras
68%
Hungary
68%
Kosovo
68%
Sri Lanka
68%
Suriname
68%
Thailand
68%
Angola
66%
Ghana
66%
Guyana
66%
Kuwait
66%
Laos
66%
Moldova
66%
Nepal
66%
Republic of the Congo
66%
Azerbaijan
64%
Bhutan
64%
Bosnia and Herzegovina
64%
Ethiopia
64%
Monaco
64%
Myanmar
64%
Central African Republic
63%
El Salvador
63%
Georgia
63%
Kenya
63%
Luxembourg
63%
New Zealand
63%
North Macedonia
63%
Bangladesh
61%
Eritrea
61%
Kyrgyzstan
61%
Maldives
61%
Montenegro
61%
Philippines
61%
Somalia
61%
South Africa
61%
South Sudan
61%
Togo
61%
Tonga
61%
Benin
59%
Cameroon
59%
Dominica
59%
Gabon
59%
Gambia
59%
Lebanon
59%
Mozambique
59%
Namibia
59%
Papua New Guinea
59%
San Marino
59%
Taiwan
59%
Zambia
59%
Bahrain
57%
Barbados
57%
Fiji
57%
Malawi
57%
Mauritania
57%
Senegal
57%
Vatican City
57%
Kiribati
55%
Lesotho
55%
Liechtenstein
55%
Madagascar
55%
Tajikistan
55%
Uzbekistan
55%
Brunei
54%
Guinea
54%
Liberia
54%
Saint Kitts and Nevis
54%
Saint Lucia
54%
Saint Vincent and the Grenadines
54%
Samoa
54%
Uganda
54%
Zimbabwe
54%
Comoros
52%
Grenada
52%
Palau
52%
Trinidad and Tobago
52%
Burundi
50%
Nauru
50%
Tanzania
50%
Botswana
48%
Cape Verde
48%
Djibouti
48%
Rwanda
48%
Turkmenistan
48%
Federated States of Micronesia
46%
São Tomé and Príncipe
46%
Seychelles
46%
Vanuatu
46%
Eswatini
45%
Mauritius
45%
Singapore
45%
Tuvalu
45%
Antigua and Barbuda
41%
Ivory Coast
41%
Burkina Faso
39%
Guinea-Bissau
39%
Marshall Islands
39%
Solomon Islands
39%
East Timor
36%
Equatorial Guinea
36%
Sierra Leone
34%
No matching quizzes found
Score Distribution
Percent of People with Each Score
Percentile by Number Answered
Your Score History
You have not taken this quiz